00543pab a2200169 454500008004000000100002400040245005900064260000900123300001300132362001100145650002500156650002200181773003400203909001100237999001900248952010600267180718b2017 xxu||||| |||| 00| 0 eng d aParanjape, Madhu S. aDeepening crisis of governance in University of Mumbai c2017 ap.17-20. a14 Oct aUniversity of Mumbai aExamination marks aEconomic and Political Weekly a116036 c116030d116030 00104070aIIPAbIIPAd2018-07-19hVolume no: 52, Issue no: 41pAR116496r2018-07-19w2018-07-19yAR